Ekonomické aspekty manažérstva kvality diplomová práca

Uložené v:
Podrobná bibliografia
Hlavný autor: Saszová, Lucia
Korporativný autor: Podnikovohospodárska fakulta EU so sídlom v Košiciach. Katedra manažmentu
Ďalší autori: Mizla, Martin, 1955-
Médium: Kniha
Jazyk:Slovak
Vydavateľské údaje: Košice 2015
Tagy: Pridať tag
Žiadne tagy, Buďte prvý, kto otaguje tento záznam!

MARC

LEADER 00000nbm a2200000 4500
001 0202321
005 20161212094602.4
041 0 |a slo 
044 |a SK 
245 1 0 |a Ekonomické aspekty manažérstva kvality  |b diplomová práca  |c Lucia Saszová ; školiteľ: Martin Mizla 
264 1 |a Košice  |c 2015 
300 |a 70 s. 
100 1 |a Saszová, Lucia 
700 1 |a Mizla, Martin, 1955- 
710 2 |a Podnikovohospodárska fakulta EU so sídlom v Košiciach. Katedra manažmentu